[Event "HUN-chT 2018-19"]
[Site "Szombathely"]
[Date "2019.04.28"]
[Round "9.57"]
[White "Horvath, Zsolt"]
[Black "Vucinic, Gojko"]
[Result "1/2-1/2"]
[WhiteElo "2370"]
[BlackElo "2389"]
[Annotator "TA"]
[PlyCount "88"]
[EventDate "2018.11.16"]
[EventType "team-tourn"]
[EventCountry "HUN"]
[SourceTitle "playchess.com"]
[Source "ChessBase"]
[SourceQuality "1"]

{[%evp 9,88,10,14,9,13,16,26,27,30,21,29,2,15,0,0,0,6,0,0,0,0,0,41,-14,-23,-31,0,-27,12,-22,-13,-12,-18,-22,-15,-36,0,-46,-27,-79,-10,-83,-27,-63,-23,-108,-108,-96,-93,-84,-81,-93,0,-7,39,-68,0,0,0,0,0,-272,-180,-264,-261,-261,-257,-29989,0,0,0,0,0,0,0,0,0,0,0,0,0]} 1. e4 c5 2. Nf3 d6 3. Bb5+ Nd7 4. Ba4 (4. c3 Ngf6 5. Qe2 a6 6. Ba4 b5 7. Bc2 Bb7 8. d4 g6 9. O-O Bg7 10. e5 dxe5 11. dxe5 Bxf3 12. gxf3 Nd5 13. e6 N7f6 14. c4 bxc4 15. exf7+ Kxf7 {0-1 (31) Mamedov,R (2701)-Nepomniachtchi,I (2771) Astana 2019}) 4... Ngf6 5. Qe2 a6 6. c4 $146 {B51: Sicilian: Moscow Variation (3 Bb5+) without 3...Bd7} ({Predecessor:} 6. c3 e6 7. Bc2 Qc7 8. d4 Be7 9. h4 b5 10. a4 cxd4 11. axb5 dxc3 12. Nxc3 a5 13. Bf4 Bb7 14. Rc1 {0-1 (56) Khoshkalam,S (2120)-Sedaghati,M (2267) Teheran 2016}) 6... e5 7. Nc3 g6 8. d3 {White has an edge.} Bg7 9. Bg5 O-O 10. Bxd7 Bxd7 11. Nd2 h6 12. Bxf6 Bxf6 13. Nf1 b5 {[%cal Bb7b5,Bb5b4][%mdl 32]} 14. Ne3 Bg5 15. O-O Be6 16. Ned5 (16. cxb5 $14 axb5 17. Nxb5) 16... b4 $11 17. Na4 f5 18. a3 Rb8 19. b3 f4 $36 {[%mdl 2048] next ...f3! is good for Black. White is under pressure.} 20. f3 a5 21. axb4 axb4 22. Ra2 Bh4 23. Rfa1 g5 24. Nb2 (24. d4 $11 {keeps the balance.} cxd4 25. Nb2) 24... Rb7 (24... g4 $1 $17) 25. Ra7 (25. d4 $11 cxd4 26. Nd3) 25... Qd7 (25... Rxa7 $1 $17 26. Rxa7 Rf7) 26. Ra8 g4 27. g3 (27. Rxf8+ $11 Kxf8 28. g3) 27... Bd8 $17 28. gxf4 exf4 29. Kh1 Qg7 {White must now prevent ...gxf3.} 30. Rg1 Rbf7 ({Better is} 30... Kh7 $17) 31. Ra6 $1 $11 Rd7 32. Nd1 (32. e5 $1 $14) 32... Qd4 ({Black should try} 32... g3 $15) 33. Nf2 (33. fxg4 f3 $19) 33... h5 34. fxg4 Rg7 {And now ...hxg4 would win.} 35. gxh5 $2 {[%mdl 8192]} (35. Rxd6 $11 {and White is okay.} Qe5 36. Rxe6 Qxe6 37. Qf3 (37. gxh5 Rxg1+ 38. Kxg1 f3 $15)) 35... Rxg1+ $19 36. Kxg1 {Hoping for Qf3.} f3 37. Qf1 Bh4 {Threatens to win with ...Bh3!} 38. Rxd6 $2 (38. Ra2 $19 Bxf2+ 39. Qxf2 Qxd3 40. Kh1 Qxe4 41. Ne3) 38... Qg7+ $2 (38... Bxf2+ {mates} 39. Kh1 Bh3 $1 {[%mdl 512]} 40. Nf6+ {[%mdl 64] Discovered Attack} Rxf6 41. Rxd4 Bxf1 42. Rd8+ Rf8 43. Rxf8+ Kxf8 44. h4 Bg3 45. e5 Bh3 46. e6 f2 47. e7+ Kxe7 48. h6 f1=Q#) 39. Kh1 $11 {The position is equal.} Ra8 40. Nd1 $1 (40. Rxe6 {is a self mate.} Ra1 $1 {[%mdl 512]} 41. Nf6+ Bxf6 42. Nd1 Rxd1 $1 {[%mdl 512]} 43. Re8+ Kf7 $1 {[%mdl 512]} 44. Re7+ Bxe7 45. Qxd1 Qg2#) 40... Ra1 $1 {[%cal Ra1d1] ( -> ...Rxd1!)} 41. N5e3 $1 ({But not} 41. Qxf3 $2 {[#]} Bg4 $1 $19 {[%mdl 512]}) 41... Qe5 42. Rxe6 $1 Qxe6 43. Qxf3 {White wants to play Nf5.} Qf6 44. Qg4+ Kh8 {Accuracy: White = 31%, Black = 42%.} 1/2-1/2

[Event "HUN-chT 2018-19"]
[Site "Szombathely"]
[Date "2019.04.28"]
[Round "9.58"]
[White "Polyik, Peter"]
[Black "Szalai, Kornel"]
[Result "1-0"]
[WhiteElo "2254"]
[BlackElo "2397"]
[Annotator "TA"]
[PlyCount "57"]
[EventDate "2018.11.16"]
[EventType "team-tourn"]
[EventCountry "HUN"]
[SourceTitle "playchess.com"]
[Source "ChessBase"]
[SourceQuality "1"]

{[%evp 9,57,52,97,92,116,72,77,72,68,68,76,70,83,69,74,65,115,78,83,102,137,147,257,198,212,118,396,77,91,6,193,182,158,167,290,245,266,200,232,220,656,652,702,654,1117,1097,1081,1094,29986,29987]} 1. d4 Nf6 2. c4 d6 3. Nc3 Bf5 4. g3 c6 5. Bg2 g6 (5... e5 6. e4 Be6 7. d5 cxd5 8. cxd5 Bd7 9. Nf3 Be7 10. O-O b5 11. a3 a5 12. Qe2 Qb6 {1-0 (85) Korobov,A (2720)-Jobava,B (2696) Tromsoe 2013}) 6. e4 {A53: Old Indian Defence without Nf3} Be6 7. d5 cxd5 $146 ({Predecessor:} 7... Bc8 8. f4 Bg7 9. Nf3 Qa5 10. O-O Qc5+ 11. Rf2 Ng4 12. Qe2 Qxf2+ 13. Qxf2 Nxf2 14. Kxf2 {0-1 (30) Krygier,I (2069)-Kaminski,P (2050) Chotowa 2003}) 8. cxd5 {White is better.} Bd7 9. Nge2 Bg7 10. O-O Na6 11. Be3 h5 12. f3 O-O 13. h3 Qa5 14. f4 Rfc8 15. e5 Ne8 (15... Nh7 $16) 16. e6 $1 $18 {[%cal Re6d7]} fxe6 17. Qd3 (17. dxe6 $18 Bxe6 18. f5 $1 {[%mdl 512]} (18. Bxb7 Rab8 $16) 18... Bxf5 19. Bxb7) 17... Kf7 $2 {[%mdl 8192]} (17... Kh7 $16 {was necessary.}) 18. Be4 $2 (18. dxe6+ $18 {is the precise move to win.} Bxe6 19. f5 $1 {[%mdl 576] Decoy} (19. Bxb7 Nc5 $16)) 18... Nb4 $16 19. Bxg6+ (19. dxe6+ $16 Bxe6 20. Bxg6+ Kf8 21. Qe4 {[%mdl 64] Double Attack} Bxh3 22. a3 (22. Qxb7 Bxf1 23. Rxf1 Bxc3 $15)) 19... Kf8 $2 {[#]} (19... Kg8 $1 $11 {and Black stays safe.} 20. Qb1 Nxd5) 20. Qd2 $1 $18 Nxd5 {[#]} 21. f5 $1 $36 {[%cal Rf5e6][%mdl 2048] White is on the roll.} Nxe3 (21... Kg8 {might work better.}) 22. fxe6+ ({And not} 22. Qxe3 e5 $11) 22... Nxf1 23. Rxf1+ Nf6 24. exd7 Qc5+ $2 (24... Rc4 25. Nf4 Rxf4 26. Qxf4 Qe5 27. Qxe5 dxe5) 25. Kh2 Rd8 26. Nf4 {aiming for Ne6+.} Qc4 27. Bd3 Qf7 28. Bf5 Bh6 29. Ne6+ {[%mdl 64] Double Attack, Discovered Attack. Accuracy: White = 54%, Black = 28%.} 1-0

[Event "HUN-chT 2018-19"]
[Site "Szombathely"]
[Date "2019.04.28"]
[Round "9.59"]
[White "Juhasz, Barbara"]
[Black "Havanecz, Bianka"]
[Result "1/2-1/2"]
[WhiteElo "2214"]
[BlackElo "2240"]
[Annotator "NA"]
[PlyCount "63"]
[EventDate "2018.11.16"]
[EventType "team-tourn"]
[EventCountry "HUN"]
[SourceTitle "playchess.com"]
[Source "ChessBase"]
[SourceQuality "1"]

1. Nf3 d5 2. b3 Nf6 3. Bb2 Bf5 4. g3 e6 5. c4 Be7 6. Bg2 h6 7. O-O O-O 8. d3 Bh7 9. Nbd2 c5 10. cxd5 exd5 11. d4 Nc6 12. dxc5 Bxc5 13. Ne5 Nxe5 14. Bxe5 Ng4 15. Nf3 Nxe5 16. Nxe5 Qe7 17. Nd3 Bd4 18. Rc1 Rad8 19. Nf4 Qe5 20. e3 Bb6 21. Re1 Be4 22. Re2 Rd6 23. Rd2 Bxg2 24. Kxg2 d4 25. exd4 Rxd4 26. Rxd4 Bxd4 27. Qf3 b6 28. Rc2 a5 29. h4 Rd8 30. Re2 Qf6 31. Qe4 Bc5 32. Nd5 1/2-1/2

[Event "HUN-chT 2018-19"]
[Site "Szombathely"]
[Date "2019.04.28"]
[Round "9.60"]
[White "Fule, Simon"]
[Black "Udvardi, Zalan"]
[Result "0-1"]
[WhiteElo "2146"]
[BlackElo "2230"]
[Annotator "NA"]
[PlyCount "116"]
[EventDate "2018.11.16"]
[EventType "team-tourn"]
[EventCountry "HUN"]
[SourceTitle "playchess.com"]
[Source "ChessBase"]
[SourceQuality "1"]

1. e4 c5 2. Nf3 Nc6 3. d4 cxd4 4. Nxd4 Nf6 5. Nc3 e5 6. Ndb5 d6 7. Nd5 Nxd5 8. exd5 Ne7 9. c3 Nf5 10. a4 Be7 11. Bd3 g6 12. O-O O-O 13. Kh1 Ng7 14. f4 a6 15. Na3 exf4 16. Bxf4 g5 17. Be3 f5 18. g3 h5 19. Nc4 h4 20. gxh4 g4 21. Bf4 Bxh4 22. Bc2 Rf6 23. Qd4 Rg6 24. Qb6 Qe8 25. Qe3 Qf8 26. Nb6 Rb8 27. Kg2 Qf7 28. Rad1 Bd7 29. Nxd7 Qxd7 30. Bg3 Re8 31. Qf2 Bxg3 32. hxg3 Qf7 33. c4 Rh6 34. Rh1 Rxh1 35. Rxh1 Re5 36. Re1 Qe7 37. Rxe5 Qxe5 38. Bd3 b5 39. axb5 axb5 40. Qe2 Qxe2+ 41. Bxe2 b4 42. Kf2 Kf7 43. Bd1 Kf6 44. Ba4 Ke5 45. Bd7 Nh5 46. Ba4 Kd4 47. Bc2 Ng7 48. b3 Ke5 49. Bd1 Kd4 50. Bc2 Kc3 51. Bb1 Kxb3 52. c5 dxc5 53. d6 Ne6 54. Bxf5 Nd8 55. Ke2 c4 56. Kd2 Kb2 57. d7 c3+ 58. Kd1 b3 0-1